Wird geladen...
Sports medicine: in primary care /
| Format: | Printed Book |
|---|---|
| Veröffentlicht: |
London:
W.B.S,
2000.
|
| Schlagworte: |
| LEADER | 00461cam a2200145ua 4500 | ||
|---|---|---|---|
| 008 | 110224t2000||||||||||| 00 ||||| c | ||
| 082 | |a 617.102 7 |b SPO | ||
| 245 | 1 | 0 | |a Sports medicine: in primary care / |
| 260 | |a London: |b W.B.S, |c 2000. | ||
| 300 | |a 363p.. | ||
| 362 | 1 | |a 2000. | |
| 650 | 0 | |a Sports medicine | |
| 942 | |c BK | ||
| 999 | |c 24960 |d 24960 | ||
| 952 | |0 0 |1 0 |4 0 |6 617_102000000000000_7_SP |7 0 |9 26558 |a KUCL |b KUCL |d 2014-05-23 |l 0 |o 617.102 7 SP |p 25460 |r 2014-05-23 |w 2014-05-23 |y BK | ||